Attori che hanno ricevuto più candidature agli Oscar senza vittoria - Statistics

Statistiche generali
  • Questo quiz è stato fatto 10 volte
  • Il punteggio medio è 2 su 10
Statistiche sulle risposte
Candidature Edizione prima candidatura Edizione ultima candidatura Attore / Attrice % Corretto
8 1983 2021 Glenn Close
63%
6 2006 2019 Amy Adams
50%
8 1963 2007 Peter O'Toole
38%
7 1953 1978 Richard Burton
13%
5 1964 2001 Albert Finney
0%
5 1950 1959 Arthur Kennedy
0%
6 1950 1961 Deborah Kerr
0%
5 1931 1949 Irene Dunne
0%
5 2006 2023 Michelle Williams
0%
6 1951 1963 Thelma Ritter
0%
Nessun quiz corrispondente trovato
Distribuzione punteggi
Percentuale di utenti per punteggio
Percentile per numero di risposta
I tuoi punteggi nel tempo
Non hai fatto questo quiz